000 00307nam a2200121Ia 4500
008 190216s9999||||xx |||||||||||||| ||und||
100 _aFrancis Cherunilam
245 0 _aBusiness Environment : Text And Cases
260 _bHimalaya Publishing House
_c2004
300 _a718
650 _aCommerce
942 _cBK
999 _c6671
_d6671